| 000 | 00362nam a2200133Ia 4500 | ||
|---|---|---|---|
| 008 | 230312s9999||||xx |||||||||||||| ||und|| | ||
| 082 |
_a658.15 _bGIT |
||
| 100 | _aGitman Lawrence J | ||
| 245 | 0 | _aManagerial Finance | |
| 300 | _a916 | ||
| 546 | _aEng. | ||
| 650 |
_aManagement _voveriew of managerial finance,instituttion,securities,markets,and rate |
||
| 942 | _cBK | ||
| 999 |
_c6387 _d6387 |
||